Konstrukce průmyslově vyráběných stavebních systémů pozemních staveb. 3. díl. Kombinované a ocelové systémy /

Gespeichert in:
Bibliographische Detailangaben
1. Verfasser: Witzany, Jiří
Format: Buch
Sprache:Tschechisch
Veröffentlicht: Praha : České vysoké učení technické v Praze, 1981
Online-Zugang: Volltext
Tags: Tag hinzufügen
Keine Tags, Fügen Sie den ersten Tag hinzu!

MARC

LEADER 00000nam a2200000 4500
003 SK-BrCVT
005 20220617210140.0
008 021102s1981 cs e ||||||cze d
035 |a CVTIDW0965994 
040 |b slo  |a CVTI SR 
041 0 |a cze 
044 |a cs 
080 |a 624.07:624.014.2  |2 UDC-MRF 
100 1 |a Witzany, Jiří 
245 1 0 |a Konstrukce průmyslově vyráběných stavebních systémů pozemních staveb. 3. díl. Kombinované a ocelové systémy /  |c Jiří Witzany 
260 |a Praha :  |b České vysoké učení technické v Praze,  |c 1981 
300 |a 181 s. 
692 |a AS JM MM 
910 |b S406674  |b S406533 
974 |f Knihy 
992 |a ASK 
999 |c 123654  |d 123654